Animatronics from FNaF - Statistics

General Stats
  • This quiz has been taken 34 times
    30 since last reset
  • The average score is 100 of 400
Answer Stats
Appearance Animatronic % Correct
Chica
100%
FNaF VR Freddy
100%
Bonnie
94%
Foxy
94%
Toy Bonnie
71%
Toy Chica
71%
FNaF 2 Toy Freddy
71%
FNaF 1 | FNaF Books Freddy Fazbear
65%
Golden Freddy
65%
Mangle
65%
The Puppet
65%
Withered Bonnie
65%
Withered Chica
65%
Withered Foxy
65%
Ballora
59%
Ennard
59%
Nightmare
59%
Nightmare Bonnie
59%
Nightmare Chica
59%
Nightmare Foxy
59%
Nightmare Freddy
59%
FNaF 3 Springtrap
59%
Withered Freddy
59%
FNaF 5 Circus Baby
53%
Endo 01
53%
Fredbear
53%
Phantom Freddy
53%
Puppet
53%
Bidybab
47%
Bonnie the Bunny
47%
Chica the Chicken
47%
Foxy the Pirate
47%
Happy Frog
47%
JJ
47%
Mr Hippo
47%
Phantom Chica
47%
Phantom Foxy
47%
Phantom Mangle
47%
Rockstar Chica
47%
Scrap Baby
47%
Scrap Trap
47%
Shadow Freddy
47%
Withered Golden Freddy
47%
Yenndo
47%
Balloon Boy
41%
Bonbon
41%
Bon-Bon
41%
Cupcake
41%
Electrobab
41%
Funtime Foxy
41%
Funtime Freddy
41%
Jack
41%
Jack-O-Bonnie
41%
Jack O Bonnie
41%
Jack-O-Chica
41%
Jack O Chica
41%
FNaF 6 Lefty
41%
Molten Freddy
41%
Mr Hugs
41%
Nightmare Mangle
41%
Nightmarionne
41%
Phantom Puppet
41%
Plushtrap
41%
Rockstar Foxy
41%
Rockstar Freddy
41%
Springbonnie
41%
Spring Bonnie
41%
Bonnet
35%
Bucket Bob
35%
Endo 02
35%
Glitchtrap
35%
Lolbit
35%
Minireena
35%
Montgomery Gator
35%
Mr Can Do
35%
Nightmare Cupcake
35%
Nightmare Fredbear
35%
No 1 Crate
35%
Orville Elephant
35%
Pan Stan
35%
Phantom Balloon Boy
35%
Pigpatch
35%
Rockstar Bonnie
35%
Security Puppet
35%
Vanny
35%
BB
29%
Candy Cadet
29%
Foxy the Piratefox
29%
Freddles
29%
Funtime Chica
29%
Glamrock Bonnie
29%
Glamrock Chica
29%
Glamrock Freddy
29%
Help
29%
Helpy
29%
Moon
29%
Music Man
29%
Nedd Bear
29%
Nightmare Balloon Boy
29%
Sun
29%
Toy Cupcake
29%
Twisted Bonnie
29%
Twisted Foxy
29%
Twisted Freddy
29%
Burntrap
24%
Dreadbear
24%
El Chip
24%
Jack-O-Lantern
24%
Paper Pals
24%
Plush Baby
24%
FNaF 7 Roxanne Wolf
24%
Twisted Wolf
24%
DJ Music Man
18%
Ella
18%
Fetch
18%
Fruit Punch Clown
18%
Funtime Cupcake
18%
Grimm Foxy
18%
Gumball Swivelhands
18%
Hand Unit
18%
Lemonade Clown
18%
Map Bot
18%
Nightmare BB
18%
FNaF 4 Nightmare Endo
18%
Phantom Cupcake
18%
Prize King
18%
RWQFSFASXC
18%
The Blob
18%
Twisted Chica
18%
8-Bit Baby
12%
Attendant Bot
12%
Comedy Bot
12%
Driver Assist Bot
12%
Eclipse
12%
Egg Baby
12%
Elizabeth
12%
False Balloon Boy
12%
False Bonnie
12%
False Chica
12%
False Freddy
12%
False Mangle
12%
Glamrock Endo
12%
Glamrock Mr Hippo
12%
Instructor Bot
12%
Lil Music Man
12%
Magician Bot
12%
Mask Bot
12%
Mop Bot
12%
Nanny Bot
12%
Nightmare Baby
12%
Nightmare Ballora
12%
Nightmare Bidy
12%
Nightmare Bonbon
12%
Nightmare Bonnet
12%
Nightmare Ennard
12%
Nightmare Funtime Foxy
12%
Nightmare Funtime Freddy
12%
Nightmarionne Bot
12%
Party Bot
12%
Pickles
12%
Pizza Bot
12%
Security Bot
12%
Server Bot
12%
The Entity
12%
The Mimic
12%
The Stitchwraith
12%
Twisted Cupcake
12%
Wet Floor Bot
12%
Worker Bot
12%
Aeronaut Toy Freddy
6%
Alien Bot
6%
Arctic Ballora
6%
Baron von Bear
6%
Big Bad Foxy
6%
Black Heart Bonnie
6%
Black Ice Frostbear
6%
Boulder Toy Bonnie
6%
Broiler Baby
6%
Catrina Toy Chica
6%
Chocolate Bonnie
6%
Clockwork Ballora
6%
Clown Springtrap
6%
Dark Water Endo
6%
Easter Bonnie
6%
Eleanor
6%
Faz Goo
6%
Firework Freddy
6%
Flamethrower Endo
6%
Flaming Springtrap
6%
Freddy Frostbear
6%
Friendly Face
6%
Frostbite Balloon Boy
6%
Frost Plushtrap
6%
Great Escape Golden Freddy
6%
Heartsick Baby
6%
Helpi
6%
Highscore Toy Chica
6%
Jetpack Balloon Boy
6%
Liberty Chica
6%
Little Red Chica
6%
Lucky Boy
6%
Magician Mangle
6%
Melted Chocolate Bonnie
6%
Mimic
6%
Nightmare Minireena
6%
Pickles Robot
6%
Piranha Plushtrap
6%
Plushtrap Chaser
6%
POPGOES | POPGOES Evergreen Popgoes the Weasel
6%
Prototype Glamrock Freddy
6%
Radioactive Foxy
6%
Ringmaster Foxy
6%
Saffron the Squirrel
6%
Scorching Chica
6%
Serpent Mangle
6%
Shamrock Freddy
6%
Shattered Glamrock Chica
6%
Shattered Montgomery Gator
6%
Shattered Roxanne Wolf
6%
Simon
6%
Sunken Toy Bonnie
6%
Swamp Balloon Boy
6%
System Error Toy Bonnie
6%
Tag-Along Freddy
6%
Tangle
6%
The Blackbird
6%
The Curse
6%
Toxic Springtrap
6%
VR Springtrap
6%
VR Toy Freddy
6%
Wooden Puppets
6%
Woodland Toy Freddy
6%
Agony
0%
Amalgamation
0%
Baby Crawlers
0%
Baby's Nightmare Circus Babyghost
0%
Babyscheißt
0%
Birthday Gummy
0%
Blackrabbit
0%
Blake the Badger
0%
Bonnie Glade
0%
Bonnie Glade Fat Ass
0%
Brudus the Dog
0%
Classroom Robot
0%
Cyanide
0%
Dawko Animatronic
0%
Daycare Attendant
0%
Delilah the Mermaid
0%
Dreamcatcher Blake
0%
POPGOES 2 Dreamcatcher Popgoes
0%
Dreamcatcher Saffron
0%
Dreamcatcher Sara
0%
Dreamcatcher Stone
0%
Epitome Popgoes
0%
Faust
0%
Fish Animatronics
0%
Frank the Diver
0%
Gemini
0%
Gem Stone
0%
Glamrock Endoskeletons
0%
Grave Stone
0%
Gray Poodle
0%
Green Critter
0%
Hank the Hammershark
0%
Happs
0%
Heartless Blake
0%
Isabelle
0%
Jigsaw
0%
Julius Exoskeleton
0%
Kids at Play Figure
0%
Lally
0%
Lillie the Lamb
0%
Logbook Chica
0%
Lux Blake
0%
Lux Popgoes
0%
Lux Saffron
0%
Lux Sara
0%
Lux Stone
0%
Mac the Muscleshark
0%
Mangled Bonnie
0%
Mangled Chica
0%
Mangled Ella
0%
Mangled Fetch
0%
Mangled Foxy
0%
Mangled Freddy
0%
Mangled Plushtrap
0%
Marco the Serpent
0%
Moondrop
0%
Morse the Mole
0%
New Freddy
0%
Olive
0%
Orange Cat
0%
FNaF 3 (test) Phantom Ballora
0%
Polo the Serpent
0%
Ralpho the Bunny
0%
Rose
0%
Sara the Squirrel
0%
Shattered Glamrock Mr Hippo
0%
Shattered Mr Hippo
0%
Shellys Robot
0%
Sly the Shark
0%
Spiked Collar Dog
0%
Squid Animatronic
0%
Stone the Crow
0%
Strings
0%
Suicide Robot
0%
Tape Girl
0%
The Blackrabbit
0%
The First Generation
0%
Tutorial Unit
0%
Twitch
0%
Unidentified Animatronics
0%
Unnamed Bird Animatronic
0%
Victoria
0%
Whale Animatronic
0%
Whiterabbit
0%
Zeus the Sea Dragon
0%
No matching quizzes found
Score Distribution
Percent of People with Each Score
Percentile by Number Answered
Your Score History
You have not taken this quiz since the last reset